[Event "OP-2012-0-02101"]
[Site "LSS email"]
[Date "2012.03.11"]
[Round "?"]
[White "Klomfar, Ladislav"]
[Black "Belter, Edmund"]
[Result "0-1"]
[WhiteElo "800"]
[BlackElo "1407"]
[PlyCount "30"]
[EventDate "2012.03.07"]
[EventType "tourn (corr)"]
[EventRounds "4"]
[EventCountry "GER"]
[SourceTitle "Corr 2015"]
[Source "ChessBase"]
[SourceDate "2015.07.17"]
[SourceVersion "1"]
[SourceVersionDate "2015.07.17"]
[SourceQuality "1"]

1. d4 Nf6 2. c4 g6 3. Nc3 Bg7 4. Nf3 0-0 5. e4 d6 6. Bf4 Na6 7. h3 c5 8. e5 Nh5 9. Qd2 cxd4 10. Qxd4 Nb4 11. Qd2 Nxf4 12. 0-0-0 Bh6 13. Kb1 Bf5+ 14. Ka1 Nc2+ 15. Kb1 Ne3+ 0-1

[Event "OP-2012-0-02100"]
[Site "LSS email"]
[Date "2012.03.10"]
[Round "?"]
[White "Bester, Kazimierz"]
[Black "Klomfar, Ladislav"]
[Result "0-1"]
[WhiteElo "713"]
[BlackElo "800"]
[PlyCount "96"]
[EventDate "2012.03.07"]
[EventType "tourn (corr)"]
[EventRounds "4"]
[EventCountry "GER"]
[SourceTitle "Telechess CBM 153"]
[Source "ChessBase"]
[SourceDate "2013.03.14"]
[SourceVersion "1"]
[SourceVersionDate "2013.03.14"]
[SourceQuality "1"]

1. d4 d5 2. e3 Nc6 3. c3 Nf6 4. Nf3 Bg4 5. Be2 e6 6. 0-0 Bd6 7. Ne1 Bxe2 8. Qxe2 a6 9. Nd2 e5 10. dxe5 Nxe5 11. f4 Nc6 12. Nef3 0-0 13. Nb3 Re8 14. Qd3 Ne7 15. Ne5 Bxe5 16. fxe5 Ne4 17. Rf4 Ng6 18. Rf1 Nxe5 19. Qe2 Nc4 20. Qf3 f6 21. Nd4 Ncd2 22. Bxd2 Nxd2 23. Qg3 Nxf1 24. Rxf1 Kf7 25. Nf5 Rg8 26. Qf3 c6 27. Qh5+ Ke6 28. Nd4+ Kd6 29. Qf7 Qd7 30. Nf5+ Kc7 31. Qxd7+ Kxd7 32. h3 Rae8 33. Rf3 Re4 34. g4 b5 35. b4 Rc4 36. a3 Rxc3 37. Nd4 Re8 38. Nf5 g6 39. Ng7 Rexe3 40. Rxf6 Re7 41. Nf5 gxf5 42. Rxf5 Rc2 43. Rf1 Ree2 44. Rf7+ Re7 45. Rf1 Ke8 46. Ra1 Re3 47. a4 bxa4 48. Rf1 a3 0-1